000 00269nam a2200109Ia 4500
008 200302s9999 xx 000 0 und d
100 _aMikhail Guerman
245 _aMikhail Vaubel The Artist of the Eves
260 _bParkstone Press
260 _c1996
300 _a175 P.,
999 _c1724
_d1724